| 000 | 00884cab a2200217 4500 | ||
|---|---|---|---|
| 001 | L136264 | ||
| 008 | 070122n2007 000 0 eng u | ||
| 035 | _a(Sirsi) u136264 | ||
| 041 | 0 | _aeng | |
| 100 | 1 | _aShaw, Trevor | |
| 245 | 0 | 0 | _aEast meets west |
| 260 | _c2007 | ||
| 490 | 0 |
_aTaxation _v159(4091) 18 January 2007, 68-70(3) |
|
| 520 | _aDiscusses whether recent legislation concerning the taxation of profits made from Islamic financial institutions has reduced the amount of uncertainty for investors, and how alternative finance legislation is intended to bring the alternative finance arrangements into line with traditional UK arrangements. | ||
| 590 | _aKA | ||
| 650 | 2 | 4 | _aFINANCE ACT 2005 |
| 650 | 2 | 4 | _aREGULATORY IMPACT ASSESSMENT REPORT FOR SHARI'A COMPLIANT FINANCIAL PRODUCTS 2005 |
| 651 | 4 |
_aEngland and Wales _y1543- |
|
| 690 | _aMANAGEMENT | ||
| 942 | _n0 | ||
| 999 |
_c78217 _d78217 |
||